Dissipative Exciton Dynamics in Light-Harvesting Complexes

Marco Schröter investigates the influence of the local environment on the exciton dynamics within molecular aggregates, which build, e.g., the light-harvesting complexes of plants, bacteria or algae by means of the hierarchy equations of motion (HEOM) method. He addresses the following questions in...

Full description

Main Author: Schröter, Marco. (Author, http://id.loc.gov/vocabulary/relators/aut)
Corporate Author: SpringerLink (Online service)
Language:English
Published: Wiesbaden : Springer Fachmedien Wiesbaden : Imprint: Springer Spektrum, 2015.
Edition:1st ed. 2015.
Series:BestMasters,
Subjects:
Online Access:https://doi.org/10.1007/978-3-658-09282-5
LEADER 02792nam a22005295i 4500
001 978-3-658-09282-5
003 DE-He213
005 20200704025932.0
007 cr nn 008mamaa
008 150318s2015 gw | s |||| 0|eng d
020 |a 9783658092825  |9 978-3-658-09282-5 
024 7 |a 10.1007/978-3-658-09282-5  |2 doi 
050 4 |a QC170-197 
050 4 |a QC717.6-718.8 
072 7 |a PHM  |2 bicssc 
072 7 |a SCI074000  |2 bisacsh 
072 7 |a PHM  |2 thema 
082 0 4 |a 539  |2 23 
100 1 |a Schröter, Marco.  |e author.  |4 aut  |4 http://id.loc.gov/vocabulary/relators/aut 
245 1 0 |a Dissipative Exciton Dynamics in Light-Harvesting Complexes  |h [electronic resource] /  |c by Marco Schröter. 
250 |a 1st ed. 2015. 
264 1 |a Wiesbaden :  |b Springer Fachmedien Wiesbaden :  |b Imprint: Springer Spektrum,  |c 2015. 
300 |a XII, 121 p. 20 illus.  |b online resource. 
336 |a text  |b txt  |2 rdacontent 
337 |a computer  |b c  |2 rdamedia 
338 |a online resource  |b cr  |2 rdacarrier 
347 |a text file  |b PDF  |2 rda 
490 1 |a BestMasters,  |x 2625-3577 
505 0 |a Dissipative Quantum Dynamics -- Energy Transfer in Light-Harvesting Complexes -- The Rostock HEOM Package. 
520 |a Marco Schröter investigates the influence of the local environment on the exciton dynamics within molecular aggregates, which build, e.g., the light-harvesting complexes of plants, bacteria or algae by means of the hierarchy equations of motion (HEOM) method. He addresses the following questions in detail: How can coherent oscillations within a system of coupled molecules be interpreted? What are the changes in the quantum dynamics of the system for increasing coupling strength between electronic and nuclear degrees of freedom? To what extent does decoherence govern the energy transfer properties of molecular aggregates?. 
650 0 |a Atoms. 
650 0 |a Physics. 
650 0 |a Mathematical physics. 
650 0 |a Physical chemistry. 
650 1 4 |a Atomic, Molecular, Optical and Plasma Physics.  |0 https://scigraph.springernature.com/ontologies/product-market-codes/P24009 
650 2 4 |a Theoretical, Mathematical and Computational Physics.  |0 https://scigraph.springernature.com/ontologies/product-market-codes/P19005 
650 2 4 |a Physical Chemistry.  |0 https://scigraph.springernature.com/ontologies/product-market-codes/C21001 
710 2 |a SpringerLink (Online service) 
773 0 |t Springer Nature eBook 
776 0 8 |i Printed edition:  |z 9783658092832 
776 0 8 |i Printed edition:  |z 9783658092818 
830 0 |a BestMasters,  |x 2625-3577 
856 4 0 |u https://doi.org/10.1007/978-3-658-09282-5 
912 |a ZDB-2-PHA 
912 |a ZDB-2-SXP 
950 |a Physics and Astronomy (SpringerNature-11651) 
950 |a Physics and Astronomy (R0) (SpringerNature-43715)